ბათუმის შოთა რუსთაველის სახელმწიფო უნივერსიტეტის ბიბლიოთეკა

ნიადაგის ეკოლოგია : (ბიბ.ჩანაწერი № 50790)

000 -ლიდერი
ფიქსირებული სიგრძის საკონტროლო ველი 01401nam a2200277Ia 4500
001 - საკონტროლო ნომერი
საკონტროლო ველი 17742
003 - საკონტროლო ნომრის იდენტიფიკატორი
საკონტროლო ველი GE_BSU
005 - ბოლო ოპერაციის თარიღი და დრო
საკონტროლო ველი 20250324115707.0
008 - ფიქსირებული სიგრძის მონაცემთა ელემენტები - ზოგადი ინფორმაცია
ფიქსირებული სიგრძის საკონტროლო ველი 181216s2009||||ge |||||||||||||| ||geo||
020 ## - წიგნის საერთაშორისო სტანდარტული ნომერი
International Standard Book Number 9789941907999
040 ## - კატალოგიზაციის წყარო
Transcribing agency GE_BSU
041 ## - ენის კოდი
Language code of text/sound track or separate title geo
080 ## - უნივერსალური ათობითი კლასიფიკაციის ინდექსი
Universal Decimal Classification number 502.521(075.8) ნ-59
245 ## - ცნობა სათაურის შესახებ
Title ნიადაგის ეკოლოგია :
Remainder of title [სახელმძღვ.] /
Statement of responsibility, etc შაქრო ფალავანდიშვილი, თეო ურუშაძე, თამარ ქვრივიშვილი, დარეჯან ჯაში ; [რედ. თენგიზ (გიზო) ურუშაძე].
264 ## - წარმოების, გამოცემის, დისტრიბუციის და სხვა ცნობები
გამოცემის, წარმოების, დისტრიბუციის... ადგილი ბათუმი ; თბილისი,
გამოცემის, წარმოების, დისტრიბუციის... თარიღი 2009.
300 ## - ფიზიკური აღწერა
Extent 252 გვ.:
Other physical details ცხრ.;
Dimensions 20 სმ.
300 ## - ფიზიკური აღწერა
Accompanying material ბიბლ.გვ.248-250
504 ## - BIBLIOGRAPHY, ETC. NOTE
Bibliography, etc ბიბლიოგრ.: გვ. 248-250.
653 ## - INDEX TERM--UNCONTROLLED
Uncontrolled term ნიადაგის ეკოლოგია
700 ## - ADDED ENTRY--PERSONAL NAME
Personal name ფალავანდიშვილი, შაქრო
Relator term ავტორი
9 (RLIN) 24646
700 ## - ADDED ENTRY--PERSONAL NAME
Personal name ურუშაძე, თეო
Relator term ავტორი
9 (RLIN) 6493
700 ## - ADDED ENTRY--PERSONAL NAME
Personal name ქვრივიშვილი, თამარ
Relator term ავტორი
9 (RLIN) 16728
700 ## - ADDED ENTRY--PERSONAL NAME
Personal name ჯაში, დარეჯან
Relator term ავტორი
9 (RLIN) 24647
700 ## - ADDED ENTRY--PERSONAL NAME
Personal name ურუშაძე, თენგიზ
Relator term რედაქტორი
9 (RLIN) 24648
942 ## - ADDED ENTRY ELEMENTS (KOHA)
Koha item type წიგნი
Source of classification or shelving scheme
ეგზემპლარები
ჩამოწერის სტატუსი დაკარგული ეგზემპლარის სტატუსი კლასიფიკაციის წყარო ან თაროზე გაწყობის სქემა დაზიანების სტატუსი არ გაიცემა მუდმივი მდებარეობა (დაცვის ადგილი) ამჟამინდელი ადგილსამყოფელი თაროზე განთავსების ადგილი შეძენის თარიღი ღირებულება, შესყიდვის ნორმალური ფასი სრული შენახვის შიფრი შტრიხკოდი ბოლო ოპერაციის თარიღი ეგზემპლარის მიმდევრობითი ნომერი (კეტერი?) ფასის ძალაში შესვლის თარიღი ეგზემპლარის სახეობა საჯარო შენიშვნა
          აგრარული და მემბრანული ტექნოლოგიების ინსტიტუტის ბიბლიოთეკა აგრარული და მემბრანული ტექნოლოგიების ინსტიტუტის ბიბლიოთეკა წიგნსაცავი 2018-12-17 10.00 502.521(075.8) ნ-59 41600 2018-12-17 41600 2018-12-17 წიგნი 10 ლ.
          აგრარული და მემბრანული ტექნოლოგიების ინსტიტუტის ბიბლიოთეკა აგრარული და მემბრანული ტექნოლოგიების ინსტიტუტის ბიბლიოთეკა წიგნსაცავი 2018-12-17 10.00 502.521(075.8) ნ-59 41601 2018-12-17 41601 2018-12-17 წიგნი 10 ლ.
          აგრარული და მემბრანული ტექნოლოგიების ინსტიტუტის ბიბლიოთეკა აგრარული და მემბრანული ტექნოლოგიების ინსტიტუტის ბიბლიოთეკა წიგნსაცავი 2018-12-17 10.00 502.521(075.8) ნ-59 41602 2018-12-17 41602 2018-12-17 წიგნი 10 ლ.
          აგრარული და მემბრანული ტექნოლოგიების ინსტიტუტის ბიბლიოთეკა აგრარული და მემბრანული ტექნოლოგიების ინსტიტუტის ბიბლიოთეკა წიგნსაცავი 2025-03-24 10.00 502.521(075.8) ნ-59 70914 2025-03-24 70914 2025-03-24 წიგნი 10 ლ.
          აგრარული და მემბრანული ტექნოლოგიების ინსტიტუტის ბიბლიოთეკა აგრარული და მემბრანული ტექნოლოგიების ინსტიტუტის ბიბლიოთეკა წიგნსაცავი 2025-03-24 10.00 502.521(075.8) ნ-59 70915 2025-03-24 70915 2025-03-24 წიგნი 10 ლ.
          აგრარული და მემბრანული ტექნოლოგიების ინსტიტუტის ბიბლიოთეკა აგრარული და მემბრანული ტექნოლოგიების ინსტიტუტის ბიბლიოთეკა წიგნსაცავი 2025-03-24 10.00 502.521(075.8) ნ-59 70916 2025-03-24 7091 2025-03-24 წიგნი 10 ლ.
          ბათუმის შოთა რუსთაველის სახელმწიფო უნივერსიტეტის მთავარი ბიბლიოთეკა ბათუმის შოთა რუსთაველის სახელმწიფო უნივერსიტეტის მთავარი ბიბლიოთეკა წიგნსაცავი 2025-03-24 10.00 502.521(075.8) ნ-59 70919 2025-03-24 70919 2025-03-24 წიგნი 10 ლ.